| 000 | 00714nam a2200217 a 4500 | ||
|---|---|---|---|
| 001 | 21262 | ||
| 003 | CO-ViMGA | ||
| 008 | 141112s2004 ck r 000 u spa d | ||
| 020 | _a9586483797 | ||
| 040 |
_aCO-ViMGA _bspa _cCO-ViMGA |
||
| 082 | 0 | 4 | _aR364.33 |
| 100 | 1 |
_aAlvarez Díaz granados, Francisco Javier _912583 |
|
| 245 | 1 | 0 | _aDiccionario básico de criminalística |
| 250 | _a2 | ||
| 260 |
_aBogotá; Ecoe, _c2004 |
||
| 300 | _a154 | ||
| 590 | _aForma de adquisición : Compra fact. 0857 - - Precio : 25000 - - Proveedor : Temas y libros - - Fecha de adquisición : Mayo 2007 | ||
| 650 | 1 | 4 |
_aCRIMINOLOGIA - DICCIONARIO _930302 |
| 650 | 1 | 4 |
_aInvestigación CRIMINAL - DICCIONARIO _930303 |
| 942 |
_2ddc _cBK |
||
| 999 |
_c29890 _d29890 |
||